| 000 | 00382nam a2200133Ia 4500 | ||
|---|---|---|---|
| 005 | 20251222143302.0 | ||
| 008 | 251222s9999||||xx |||||||||||||| ||spa|| | ||
| 020 | _a9972-814-21-1 | ||
| 082 | _a370.193.46/U86 | ||
| 100 | _aUrsula, Elsa | ||
| 245 | 0 | _aLa Educación Rural en el Perú: Problemas, Propuestas, Experiencias y Esperanzas | |
| 264 | _bFundación Inka Kola | ||
| 942 | _cLIB | ||
| 999 |
_c15366 _d15366 |
||